Pokemon TCGP - Extension L'île fabuleuse - Statistiques

Statistiques générales
  • Ce quiz a été pris 23 fois
  • Le résultat moyen est 26 sur 67
Statistiques - réponses
Type de quiz Rareté(s) Catégorie Réponse % Correct
Plante Commune Pokémon Oeuf Noeunoeuf
84%
Plante Ex - Full Art - Immersive Pokémon Temporel Celebi
79%
Plante Rare - Illustration Pokémon Majestueux Majaspic
79%
Plante Peu Commune - Illustration Pokémon Fruitpalme Noadkoko
74%
Plante Commune Pokémon Serpenterbe Vipélierre
74%
Feu Peu Commune Pokémon Cheval Galopa
63%
Plante Peu Commune Pokémon Serpenterbe Lianaja
63%
Psy Rare - Ex - Full Art - Gold Pokémon Nouveau Mew
63%
Feu Commune Pokémon Cheval Ponyta
63%
Elektric Commune Pokémon Souris Pikachu
58%
Eau Ex - Full Art Pokémon Terrifiant Leviator
53%
Combat Ex - Full Art Pokémon Fossile Ptéra
53%
Dragon Peu Commune Pokémon Caverne Drakkarmin
47%
Eau Commune Pokémon Poisson Magicarpe
47%
Elektric Rare Pokémon Souris Raichu
47%
Normal Ex - Full Art Pokémon Oiseau Roucarnage
47%
Obscur Commune Pokémon Gaz Smogo
47%
Obscur Peu Commune Pokémon Gaz Mortel Smogogo
47%
Normal Rare Pokémon Buffle Tauros
47%
Combat Peu Commune Pokémon Porsinge Colossinge
42%
Normal Commune Pokémon Evolutif Evoli
42%
Combat Commune Pokémon Porsinge Férosinge
42%
Plante Peu Commune Pokémon Luminescent Lampignon
42%
Normal Commune Pokémon Minoiseau Roucool
42%
Normal Commune Pokémon Oiseau Roucoups
42%
Eau Rare - Illustration Pokémon Bulleur Aquali
37%
Obscur Peu Commune Pokémon Megaplopode Brutapode
37%
Elektric Commune - Illustration Pokémon Antenne Dedenne
37%
Combat Peu Commune Pokémon Roche Gravalanch
37%
Combat Rare Pokémon Titanesque Grolem
37%
Psy Commune Pokémon Cerveau Lewsor
37%
Feu Peu Commune Pokémon Crache-Feu Magmar
37%
Feu Commune Pokémon Toxilézard Malamandre
37%
Elektric Peu Commune Pokémon Aracletrik Mygavolt
37%
Psy Peu Commune Pokémon Cerveau Neitram
37%
Obscur Commune Pokémon Coconplopode Scobolide
37%
Plante Commune Pokémon Luminescent Spododo
37%
Elektric Commune Pokémon Crampon Statitik
37%
Feu Commune - Illustration Pokémon Toxilézard Tritox
37%
Obscur Commune Pokémon Chilopode Venipatte
37%
Supporter Peu Commune - Full Art Dresseur Bouclier Blue
32%
Psy Peu Commune Pokémon Similoiseau Cryptéro
32%
Supporter Peu Commune - Full Art Dresseur Echange Leaf
32%
Normal Commune Pokémon Note Musique Pijako
32%
Combat Commune Pokémon Roche Racaillou
32%
Plante Peu Commune Pokémon Varech Sinistrail
32%
Objet Commune Fossile Vieil Ambre
32%
Psy Commune Pokémon Mousseline Cupcanaille
26%
Combat Peu Commune Pokémon Mégalithe Dolman
26%
Eau Commune Pokémon Ailé Ecayon
26%
Psy Commune Pokémon Uniflore Flabébé
26%
Psy Commune Pokémon Uniflore Floette
26%
Psy Peu Commune Pokémon Jardin Florges
26%
Supporter Peu Commune - Full Art Dresseur Jeune Explorateur
26%
Eau Peu Commune Pokémon Néon Luminéon
26%
Feu Rare Pokémon Soleil Pyrax
26%
Feu Commune Pokémon Torche Pyronille
26%
Psy Commune Pokémon Confiserie Sucroquin
26%
Objet Peu Commune Outil Dalle Fabuleuse
21%
Elektric Peu Commune Pokémon Electrique Elektek
21%
Combat Rare - Illustration Pokémon Ombrefuge Marshadow
21%
Obscur Commune Pokémon Scélérat Chacripan
16%
Objet Peu Commune Outil Flute Pokemon
16%
Obscur Commune Pokémon Implacable Léopardus
16%
Eau Commune Pokémon Avaltouron Nigosier
16%
Eau Commune Pokémon Mordillage Khélocrok
11%
Eau Peu Commune Pokémon Morsure Torgamord
11%
Aucun quiz correspondant
Distribution des résultats
% des personnes avec chaque résultat
Percentile par nombre de réponses
Votre historique - résultats
Vous n’avez pas pris ce quiz